Name the TV Show from the Characters Quiz Stats

 Plays Quiz not verified by Sporcle

Challenge
Share
Tweet
Embed
Score 0/20 Timer 06:00
0 Plays Today
Character TV Show % Correct
Monica Geller, Chandler Bing, Rachel GreenFriends
94.9%
Peter Griffin, Joe Swanson, Mayor Adam WestFamily Guy
90.6%
Dr. Heathcliff 'Cliff' Huxtable, Rudy Huxtable, Denise HuxtableThe Cosby Show
84.5%
Dwight Schrute, Ryan Howard, Creed BrattonThe Office
77.3%
Ginger Grant, The Skipper, Thurston Howell IIIGilligan's Island
75.5%
Kate Austen, John Locke, Desmond HumeLost
74.9%
Sam Malone, Norm Peterson, Cliff ClavinCheers
70%
Liz Lemon, Tracy Jordan, Kenneth Parcell30 Rock
68.2%
Al Borland, Wilson Wilson Jr, Jill TaylorHome Improvement
67.6%
Vincent Chase, Eric 'E' Murphy, Ari GoldEntourage
65%
Character TV Show % Correct
Ted Mosby, Barney Stinson, Lily AldrinHow I Met Your Mother
61.1%
Peter Petrelli, Claire Bennet, The HaitianHeroes
51.5%
Dan Conner, Jackie Harris, David HealyRoseanne
49.3%
Peggy Olson, Pete Campbell, Betty DraperMad Men
37.6%
Lee 'Apollo' Adama, Kara 'Starbuck' Thrace, Dr. Gaius BaltarBattlestar Galactica
26.9%
Dean Winchester, Bobby Singer, CastielSupernatural
26.4%
Phil Dunphy, Cameron 'Cam' Tucker, Claire DunphyModern Family
26%
Leslie Knope, Tom Haverford, Ron SwansonParks and Recreation
25.8%
Olivia Dunham, Peter Bishop, Walter BishopFringe
24.6%
Mark Benford, Demetri Noh, Lloyd SimcoeFlashForward
19.6%

You're not logged in!

Compare scores with friends on all Sporcle quizzes.
OR
Log In

You Might Also Like...

Show Comments

Extras

Created Dec 15, 2009ReportNominate
Tags:Show Quiz, character

Top Quizzes Today


Score Distribution

Your Account Isn't Verified!

In order to create a playlist on Sporcle, you need to verify the email address you used during registration. Go to your Sporcle Settings to finish the process.

Report this User

Report this user for behavior that violates our Community Guidelines.

Details: